Významné aspekty ovplyvňujúce vedenie ľudí

Nový profil schopností vodcu kladie dôraz na participatívne riadenia, budovanie a udržiavanie vzťahov a riadenie zmien. Preto sa s veľkou pravdepodobnosťou bude povaha vodcovstva v blízkej budúcnosti meniť. Predpokladá sa, že prioritou sa stane sústredenie na flexibilitu, spoluprácu a prekračovanie...

Descrizione completa

Salvato in:
Dettagli Bibliografici
Autore principale: Pfundtnerová, Martina
Natura: Capitolo di libro
Lingua:slovacco
Soggetti:
Tags: Aggiungi Tag
Nessun Tag, puoi essere il primo ad aggiungerne!!

MARC

LEADER 00000nla a2200000 4500
001 0180698
005 20240521103650.3
041 0 |a slo 
044 |a SK 
245 1 0 |a Významné aspekty ovplyvňujúce vedenie ľudí  |c Martina Pfundtnerová 
520 |a Nový profil schopností vodcu kladie dôraz na participatívne riadenia, budovanie a udržiavanie vzťahov a riadenie zmien. Preto sa s veľkou pravdepodobnosťou bude povaha vodcovstva v blízkej budúcnosti meniť. Predpokladá sa, že prioritou sa stane sústredenie na flexibilitu, spoluprácu a prekračovanie hraníc. O dlhodobom úspechu podniku budú rozhodovať vodcovia s takýmito zručnosťami a schopnosťami. 
610 2 0 |a vedenie ľudí 
610 2 0 |a manažéri 
610 2 0 |a vodcovstvo 
610 2 0 |a riadenie zmien 
610 2 0 |a vedomosti 
610 2 0 |a kreativita 
610 2 0 |a vzdelávanie 
100 1 |a Pfundtnerová, Martina